00316nam a2200121 a 450000500170000000800410001705000200005810000160007824500450009426000370013930000080017665000100018420140412111408.0070706s19uu xx 00 eng d aM 796bD78 1998 aDrake, Jane aThe kids Jumbo games book /cJane Drake. aCanada :bKids can press,c1998. a175 aGames